Biographie de Philippe Auguste - Statistiques

Statistiques générales
  • Ce quiz a été pris 30 fois
  • Le résultat moyen est 9 sur 15
Statistiques - réponses
Question Réponse % Correct
Il est le dernier souverain à porter le titre de Roi des... Francs
100%
Victoire la plus célèbre de son règne,probablement la bataille la plus célèbre de l'Histoire de France. Bouvines
88%
Prénom de son fils aîné,qui sera son successeur, et qui est aussi le huitième souverain pendant son règne à se prénommer ainsi. Louis
88%
Il accompagne ce célèbre Roi d'Angleterre lors de la Troisième Croisade (~1187-1193). Richard Cœur de Lion
88%
Année de son décès à Mantes 1223
79%
Année de son Sacre 1179
63%
Il fallu un an à l'armée française pour prendre cette forteresse normande aux anglais, et qui était surtout réputée pour être imprenable et qui fut construite en 1 an seulement. (Forteresse de....) Château-Gaillard
63%
Père Louis VII
63%
Charte imposée aux anglais,et qui sera effective pendant plusieurs siècles. (Nom latin) Magna Carta
54%
Mère Adèle de Champagne
42%
Première Épouse Isabelle de Hainaut
38%
Deuxième épouse,dont la nuit de noces sera catastrophique et qui aura pour conséquence d'excommunier (exclure le Roi des affaires de l'Église) temporairement Philippe Auguste, sanction prononcée par le pape Innocent III. Ingeburge de Danemark
29%
Date de naissance (Jour,mois,année) 21 Août 1165
21%
Troisième Épouse,après avoir obtenu le divorce de la deuxième. Agnès de Méranie
21%
Ville de naissance,commençant par la lettre "G" ,située aujourd'hui dans le département du Val-d'Oise. Gonesse
21%
Aucun quiz correspondant
Distribution des résultats
% des personnes avec chaque résultat
Percentile par nombre de réponses
Votre historique - résultats
Vous n’avez pas pris ce quiz